David Bowie Songs - Sudden Death - Statistics

General Stats
  • This quiz has been taken 289 times
  • The average score is 9 of 19
Answers on the Grid
Answers color-coded by a green-red scale on the quiz's grid according to % correct below.
Live And Let Die
Jump They Say
Loving The Alien
The Passenger
Rock 'N' Roll Suicide
The Laughing Gnome
How Can I Be Sure
Modern Love
Life On Mars
The Man Who Sold The World
Blue Jean
Under the Boardwalk
Lazarus
Young Americans
The Chinese Way
Fancy Pants
Undercover of The Night
A New Career In A New Town
Sunman
Where Are We Now
Dust to Dust
Everyone Says Hi
Sound And Vision
Space Odyssey
Spanish Eddie
Up The Hill Backwards
Wild is The Wind
John, I'm Only Dancing
Chant No.1 (I Don't Need This Pressure On)
Fashion
Black Tie And Tails
Drive-In Saturday
 
Answer Stats
Answer % Correct
Life On Mars
89%
The Man Who Sold The World
78%
Young Americans
74%
Modern Love
72%
Rock 'N' Roll Suicide
71%
Lazarus
67%
Sound And Vision
53%
Fashion
50%
Blue Jean
49%
John, I'm Only Dancing
47%
The Laughing Gnome
43%
Loving The Alien
41%
Wild is The Wind
39%
Drive-In Saturday
38%
A New Career In A New Town
28%
Jump They Say
28%
Where Are We Now
27%
Up The Hill Backwards
21%
Everyone Says Hi
18%
No matching quizzes found
Score Distribution
Percent of People with Each Score
Percentile by Number Answered
Your Score History
You have not taken this quiz